|
|
|
|
| LEADER |
00000nam a22000007a 4500 |
| 005 |
20180224140351.0 |
| 007 |
cr|||| ||| |
| 008 |
180224s2017 ar |||||s|||| 00||0 spa d |
| 020 |
|
|
|a 987-9086-31-7
|
| 035 |
|
|
|a 21005
|
| 040 |
|
|
|a vLex
|
| 090 |
|
|
|c 7407
|d 7407
|
| 245 |
0 |
0 |
|a Rǧimen municipal
|h [Recurso electrn̤ico] :
|b Provincia de Buenos Aires
|
| 250 |
|
|
|a 8® edicin̤
|
| 256 |
|
|
|a Servicio en ln̕ea
|
| 260 |
|
|
|a La Plata:
|b Editorial Scotti Libros,
|c 2017
|
| 300 |
|
|
|a 1 recurso electrn̤ico (360 p.)
|
| 500 |
|
|
|a 8® edicin̤ actualizada y ampliada.
|
| 506 |
1 |
|
|a Disponible solo en los productos indicados
|d vLex Global
|d vLex Global (Academic Edition, excluding Law Schools)
|d vLex Global (U.S. Academic Edition, Law Schools)
|d vLex Global (U.S. Academic Edition, excluding Law Schools)
|d vLex Global (Academic Edition, Law Schools)
|
| 650 |
0 |
4 |
|a Derecho Pb︢lico y Administrativo
|z Argentina
|
| 740 |
0 |
|
|a vLex Libros (Servicio en ln̕ea)
|
| 856 |
4 |
0 |
|u http://vlex.com/source/regimen-municipal-provincia-buenos-aires-21005
|z Acceso restringido
|
| 942 |
|
|
|c BOOK
|
| 999 |
0 |
|
|a Public and Administrative Law
|